VYAKTITWA VIKASH HETU UCCHASTARIYA SADHANAYE (Record no. 32300)

MARC details
000 -LEADER
fixed length control field 00378nam a22001457a 4500
003 - CONTROL NUMBER IDENTIFIER
control field SGT
082 ## - DEWEY DECIMAL CLASSIFICATION NUMBER
Classification number 615.53
Item number V13S
100 ## - MAIN ENTRY--PERSONAL NAME
Personal name SHARMA, SHREE RAM
245 ## - TITLE STATEMENT
Title VYAKTITWA VIKASH HETU UCCHASTARIYA SADHANAYE
260 ## - PUBLICATION, DISTRIBUTION, ETC. (IMPRINT)
Place of publication, distribution, etc MATHURA
Name of publisher, distributor, etc AKHAND JYOTI SANSTHAN
Year of Publication 2013
300 ## - PAGE DESCRIPTION
No. of Pages 316
650 ## - SUBJECT ADDED ENTRY--TOPICAL TERM
Topical term or geographic name as entry element AYURVEDA
653 ## - KEYWORDS--INDEX TERM
Keyword term VYAKTITWA, VIKASH, UCCHASTARIYA, SADHANAYE
942 ## - ADDED ENTRY ELEMENTS (KOHA)
Source of classification or shelving scheme Dewey Decimal Classification
Koha item type Books
Holdings
Withdrawn status Lost status Source of classification or shelving scheme Damaged status Use restrictions Not for loan Collection code Home library Current library Shelving location Date acquired Cost, normal purchase price Volume Information (Serial or Books or Non-Book Material) SGTU Total Checkouts Full call number Accession No. (Barcode) Date last seen Bill Date Koha item type
    Dewey Decimal Classification   Restricted Access   AYURVEDA SGT FA-FP Library SGT FA-FP Library On Display 21/08/2025 150.00 20 SGTU   615.53 V13S FA12799G 21/08/2025 21/08/2025 Books